| 000 | 02302nam a22003017a 4500 | ||
|---|---|---|---|
| 005 | 20110627145048.0 | ||
| 010 | _aB-435663-667 | ||
| 020 |
_a9788182638808 _c25.00 |
||
| 035 | _aB-435663-667 | ||
| 037 | _bब्ल्यूबेरी बुक्स | ||
| 082 | _aक | ||
| 100 |
_a रंजीत लाल _930954 |
||
| 245 |
_aजल से आकाश तक : _cरंजीत लाल; संजय सरकार द्वारा चित्रांकित; भावना पंकज द्वारा हिन्दी अनुवाद _bचिउडे और व्याधपतंगे की कहानी / |
||
| 246 |
_aJal se aakaash tak _bby Ranjeet Lal |
||
| 260 |
_aनई दिल्ली _bप्रथम बुक्स _c2008 |
||
| 270 |
_a633-634, 4th "C" Main, 6th 'B' Cross, OMBR Layout, Banaswadi, _bBangalore _e560043 _k+91 11 41042483 |
||
| 300 |
_a24पृ. _bसचित्र _c22सेमी (अजिल्द) |
||
| 700 |
_928835 _aसंजय सरकार |
||
| 700 |
_aभावना पंकज _928867 |
||
| 700 | _928836 | ||
| 942 |
_2ddc _cCH _hक _mरंजीत |
||
| 999 |
_c53258 _d53258 |
||